000
00327nam a2200133Ia 4500
008
240624s9999 xx 000 0 und d
041
_a
eng
082
_a
920 TOL
100
_a
TOLSTOY LEO
245
_a
GREAT WORKS OF LEO TOLSTOY
260
_c
2014
_a
New Delhi
_b
Maple Press
300
_a
720 : p. : cm. ; 23
365
_c
RS
_b
25
999
_c
23680
_d
23680